ბათუმის შოთა რუსთაველის სახელმწიფო უნივერსიტეტის ბიბლიოთეკა

No Place to Cry.The Bradshaw trilogy. (ბიბ.ჩანაწერი № 46481)

000 -LEADER
fixed length control field 00519nam a2200217Ia 4500
001 - CONTROL NUMBER
control field 13320
003 - CONTROL NUMBER IDENTIFIER
control field GE_BSU
008 - FIXED-LENGTH DATA ELEMENTS--GENERAL INFORMATION
fixed length control field 181216s||||||||xx |||||||||||||| ||und||
020 ## - INTERNATIONAL STANDARD BOOK NUMBER
International Standard Book Number 0352320052
040 ## - CATALOGING SOURCE
Transcribing agency GE_BSU
080 ## - UNIVERSAL DECIMAL CLASSIFICATION NUMBER
Universal Decimal Classification number 821.111-32
100 ## - MAIN ENTRY--PERSONAL NAME
Personal name Kennedy,Adam.
245 ## - TITLE STATEMENT
Title No Place to Cry.The Bradshaw trilogy.
245 ## - TITLE STATEMENT
Remainder of title Volume one.
260 ## - PUBLICATION, DISTRIBUTION, ETC.
Place of publication, distribution, etc. London.
260 ## - PUBLICATION, DISTRIBUTION, ETC.
Name of publisher, distributor, etc. A star book.
260 ## - PUBLICATION, DISTRIBUTION, ETC.
Date of publication, distribution, etc. 1986
300 ## - PHYSICAL DESCRIPTION
Extent 628p;18cm.
653 ## - INDEX TERM--UNCONTROLLED
Uncontrolled term No Place to Cry.The Bradshaw trilogy.Volume one.
942 ## - ADDED ENTRY ELEMENTS (KOHA)
Koha item type წიგნი
ეგზემპლარები
Withdrawn status Lost status Damaged status Not for loan Date acquired Barcode Date last seen Price effective from Koha item type
        2018-12-17 36495 2018-12-17 2018-12-17 წიგნი